| 000 | 01195cab a22002535a 4500 | ||
|---|---|---|---|
| 001 | L145354 | ||
| 008 | 080916e20080912xxkadeof s 000 0 eng d | ||
| 035 | _a(Sirsi) u145354 | ||
| 041 | 0 | _aeng | |
| 100 | 1 | _aLockie, Sean | |
| 245 | 0 | 0 |
_aCost analysis _bsustainable schools |
| 260 | _c2008 | ||
| 490 |
_aBuilding _v273(8546) 12 September 2008, 68-72(5) |
||
| 520 | _aThe fifth in a series of six articles on school developments (see other articles under references L145210, L145344, L145345, L145349, L145360). Presents cost analysis for building schools able to meet the BRE Environmental Assessment Method standards and the government's target of reducing carbon emission to zero in schools by 2016. Develops costs of technologies and methods used to reach these targets. | ||
| 590 | _aKA | ||
| 651 | 4 |
_aUnited Kingdom _y |
|
| 690 | _aBUILT ENVIRONMENT-BUILDING TYPES-EDUCATIONAL, INFORMATION AND SCIENTIFIC FACILITIES | ||
| 690 | _aBUILT ENVIRONMENT-SUSTAINABLE CONSTRUCTION | ||
| 690 | _aBUILT ENVIRONMENT-BUILDING COSTS | ||
| 690 | _aENVIRONMENTAL AND LAND CONSULTANCY-ENERGY-ENERGY USE-ENERGY EFFICIENCY | ||
| 700 | 1 | _aButterss, Ian | |
| 700 | 1 | _aSurgenor, Anna | |
| 942 | _n0 | ||
| 999 |
_c80792 _d80792 |
||